IIT master: (Record no. 28148)

MARC details
000 -LEADER
fixed length control field 08046naa a2200745 4500
005 - DATE AND TIME OF LATEST TRANSACTION
control field 20090710144552.0
008 - FIXED-LENGTH DATA ELEMENTS--GENERAL INFORMATION
fixed length control field 081006t xxu||||| |||| 00| 0 eng d
010 ## - LCCN (DPL NO)
LC control number ENG-94375
020 ## - INTERNATIONAL STANDARD BOOK NUMBER
International Standard Book Number 9780070152649
Terms of availability 350.00
020 ## - INTERNATIONAL STANDARD BOOK NUMBER
International Standard Book Number 0070152640
Terms of availability 350.00
035 ## - SYSTEM CONTROL NUMBER
System control number EN-77908
035 ## - SYSTEM CONTROL NUMBER
System control number B-357613
035 ## - SYSTEM CONTROL NUMBER
System control number B-360283-318
037 ## - SOURCE OF ACQUISITION
Source of stock number/acquisition DBAD / PUB
037 ## - SOURCE OF ACQUISITION
Source of stock number/acquisition UBH
037 ## - SOURCE OF ACQUISITION
Source of stock number/acquisition UBH
040 ## - CATALOGING SOURCE
Original cataloging agency dpl
Language of cataloging English
082 ## - DEWEY DECIMAL CLASSIFICATION NUMBER
Classification number 500
245 ## - TITLE STATEMENT
Title IIT master:
Remainder of title solutions to 25 years IIT-JEE objective questions
260 ## - PUBLICATION, DISTRIBUTION, ETC. (IMPRINT)
Place of publication, distribution, etc New Delhi
Name of publisher, distributor, etc Tata McGraw-Hill Education
Date of publication, distribution, etc 2010
270 ## - ADDRESS
Address 7, West Patel Nagar
City New Delhi
Postal code 110 008
300 ## - PHYSICAL DESCRIPTION
Extent Various pagings
Dimensions 23cm(pbk)
490 ## - SERIES STATEMENT
Series statement Tata McGraw-Hill's Winning We Edge series
942 ## - ADDED ENTRY ELEMENTS (KOHA)
Institution code [OBSOLETE] dpl
Item type English Books
Source of classification or shelving scheme Dewey Decimal Classification
Classification part 500
Call number suffix IIT
Holdings
Withdrawn status Lost status Source of classification or shelving scheme Damaged status Not for loan Collection code Home library Current library Date acquired Source of acquisition Cost, normal purchase price Total Checkouts Full call number Barcode Date last seen Copy number Cost, replacement price Koha item type Total Renewals Public note Checked out
    Dewey Decimal Classification     Non-fiction Andrews Gunj Andrews Gunj 30/12/2009 UBH/138/26.10.09/146/16.10.09/26.10.09 495.00 1 500 IIT B-360295 10/01/2023 1 495.00 English Books      
    Dewey Decimal Classification     Non-fiction Bagh Kadhe Khan Bagh Kadhe Khan 30/12/2009 UBH/138/26.10.09/146/16.10.09/26.10.09 495.00   500 IIT B-360300 30/12/2009 1 495.00 English Books      
    Dewey Decimal Classification     Non-fiction Bawana Bawana 30/12/2009 UBH/138/26.10.09/146/16.10.09/26.10.09 495.00   500 IIT B-360302 30/12/2009 1 495.00 English Books      
    Dewey Decimal Classification     Non-fiction Central Jail Tihar Central Jail Tihar 30/12/2009 UBH/138/26.10.09/146/16.10.09/26.10.09 495.00   500 IIT B-360291 30/12/2009 1 495.00 English Books      
    Dewey Decimal Classification     Non-fiction Central Library Central Library 30/12/2009 UBH/138/26.10.09/146/16.10.09/26.10.09 495.00   500 IIT B-360283 30/12/2009 1 495.00 English Books   Legal Case (Register 2018)  
    Dewey Decimal Classification   Not For Loan Non-fiction D.B.Act.Division D.B.Act.Division 10/07/2009 DBAD / PUB 350.00   500 IIT EN-77908 10/07/2009 1 350.00 English Books      
    Dewey Decimal Classification     Non-fiction Jagrati Enclave Jagrati Enclave 30/12/2009 UBH/138/26.10.09/146/16.10.09/26.10.09 495.00   500 IIT B-360309 30/12/2009 1 495.00 English Books      
Withdrawn   Dewey Decimal Classification     Non-fiction Janak Puri Janak Puri 22/09/2009 UBH/095/8.9.09/94/4.9.09/11.9.09 350.00 48 500 IIT B-357613 26/09/2012 1 350.00 English Books 13    
Withdrawn   Dewey Decimal Classification     Non-fiction Janak Puri Janak Puri 30/12/2009 UBH/138/26.10.09/146/16.10.09/26.10.09 495.00 79 500 IIT B-360292 22/11/2016 1 495.00 English Books 8    
    Dewey Decimal Classification     Non-fiction Kadipur Kadipur 30/12/2009 UBH/138/26.10.09/146/16.10.09/26.10.09 495.00   500 IIT B-360305 30/12/2009 1 495.00 English Books      
    Dewey Decimal Classification     Non-fiction Karol Bagh Karol Bagh 30/12/2009 UBH/138/26.10.09/146/16.10.09/26.10.09 495.00   500 IIT B-360298 30/12/2009 1 495.00 English Books      
    Dewey Decimal Classification     Non-fiction Kasturba Gandhi Marg Kasturba Gandhi Marg 30/12/2009 UBH/138/26.10.09/146/16.10.09/26.10.09 495.00   500 IIT B-360288 30/12/2009 1 495.00 English Books      
    Dewey Decimal Classification     Non-fiction Katevara Katevara 30/12/2009 UBH/138/26.10.09/146/16.10.09/26.10.09 495.00   500 IIT B-360303 30/12/2009 1 495.00 English Books      
    Dewey Decimal Classification     Non-fiction Mobile Library Mobile Library 30/12/2009 UBH/138/26.10.09/146/16.10.09/26.10.09 495.00 3 500 IIT B-360284 15/01/2018 2 495.00 English Books     01/06/2045
    Dewey Decimal Classification     Non-fiction Mobile Library Mobile Library 30/12/2009 UBH/138/26.10.09/146/16.10.09/26.10.09 495.00   500 IIT B-360285 30/12/2009 2 495.00 English Books      
    Dewey Decimal Classification     Non-fiction Mundaka Mundaka 30/12/2009 UBH/138/26.10.09/146/16.10.09/26.10.09 495.00   500 IIT B-360304 30/12/2009 1 495.00 English Books      
Written off   Dewey Decimal Classification     Non-fiction Narela Narela 30/12/2009 UBH/138/26.10.09/146/16.10.09/26.10.09 495.00   500 IIT B-360301 30/12/2009 1 495.00 English Books   Written off on approval by DLB (By Circulation); dtd 20.12.2022  
    Dewey Decimal Classification     Non-fiction New Police Line New Police Line 30/12/2009 UBH/138/26.10.09/146/16.10.09/26.10.09 495.00   500 IIT B-360286 30/12/2009 1 495.00 English Books      
  Written-off vide DLB M. No. 383 dt 16.05.19 Dewey Decimal Classification     Non-fiction New Rohtak Road New Rohtak Road 30/12/2009 UBH/138/26.10.09/146/16.10.09/26.10.09 495.00   500 IIT B-360299 30/12/2009 1 495.00 English Books      
    Dewey Decimal Classification     Non-fiction Patel Nagar Patel Nagar 30/12/2009 UBH/138/26.10.09/146/16.10.09/26.10.09 495.00   500 IIT B-360287 30/12/2009 1 495.00 English Books      
  Written-off vide DLB M. No. 383 dt 16.05.19 Dewey Decimal Classification     Non-fiction Peshwa Road Peshwa Road 30/12/2009 UBH/138/26.10.09/146/16.10.09/26.10.09 495.00   500 IIT B-360289 30/12/2009 1 495.00 English Books      
    Dewey Decimal Classification     Non-fiction R.C.Libraries (BL-III) R.C.Libraries (BL-III) 30/12/2009 UBH/138/26.10.09/146/16.10.09/26.10.09 495.00   500 IIT B-360310 30/12/2009 5 495.00 English Books      
    Dewey Decimal Classification     Non-fiction R.C.Libraries (BL-III) R.C.Libraries (BL-III) 30/12/2009 UBH/138/26.10.09/146/16.10.09/26.10.09 495.00   500 IIT B-360311 30/12/2009 5 495.00 English Books      
  Written-off vide DLB M. No. 383 dt 16.05.19 Dewey Decimal Classification     Non-fiction R.C.Libraries (BL-III) R.C.Libraries (BL-III) 30/12/2009 UBH/138/26.10.09/146/16.10.09/26.10.09 495.00   500 IIT B-360312 30/12/2009 5 495.00 English Books      
    Dewey Decimal Classification     Non-fiction R.C.Libraries (BL-III) R.C.Libraries (BL-III) 30/12/2009 UBH/138/26.10.09/146/16.10.09/26.10.09 495.00   500 IIT B-360313 30/12/2009 5 495.00 English Books      
    Dewey Decimal Classification     Non-fiction R.C.Libraries (BL-III) R.C.Libraries (BL-III) 30/12/2009 UBH/138/26.10.09/146/16.10.09/26.10.09 495.00   500 IIT B-360314 30/12/2009 5 495.00 English Books      
  Written-off vide DLB M. No. 383 dt 16.05.19 Dewey Decimal Classification     Non-fiction R.C.Libraries (BL-IV) R.C.Libraries (BL-IV) 30/12/2009 UBH/138/26.10.09/146/16.10.09/26.10.09 495.00   500 IIT B-360315 30/12/2009 4 495.00 English Books      
    Dewey Decimal Classification     Non-fiction R.C.Libraries (BL-IV) R.C.Libraries (BL-IV) 30/12/2009 UBH/138/26.10.09/146/16.10.09/26.10.09 495.00   500 IIT B-360316 30/12/2009 4 495.00 English Books      
Written off   Dewey Decimal Classification     Non-fiction R.C.Libraries (BL-IV) R.C.Libraries (BL-IV) 30/12/2009 UBH/138/26.10.09/146/16.10.09/26.10.09 495.00   500 IIT B-360317 30/12/2009 4 495.00 English Books   Written off vide C-30021/05/2022/Estt./110 dt.07.11.22  
  Written-off vide DLB M. No. 383 dt 16.05.19 Dewey Decimal Classification     Non-fiction R.C.Libraries (BL-IV) R.C.Libraries (BL-IV) 30/12/2009 UBH/138/26.10.09/146/16.10.09/26.10.09 495.00   500 IIT B-360318 30/12/2009 4 495.00 English Books      
    Dewey Decimal Classification     Non-fiction R.K.Puram-8 R.K.Puram-8 30/12/2009 UBH/138/26.10.09/146/16.10.09/26.10.09 495.00   500 IIT B-360294 30/12/2009 1 495.00 English Books      
  Written-off vide DLB M. No. 383 dt 16.05.19 Dewey Decimal Classification     Non-fiction Sarojini Nagar Sarojini Nagar 30/12/2009 UBH/138/26.10.09/146/16.10.09/26.10.09 495.00   500 IIT B-360293 30/12/2009 1 495.00 English Books      
    Dewey Decimal Classification     Non-fiction Shahdara Branch Shahdara Branch 30/12/2009 UBH/138/26.10.09/146/16.10.09/26.10.09 495.00   500 IIT B-360306 30/12/2009 1 495.00 English Books      
    Dewey Decimal Classification     Non-fiction Sriniwas Puri Sriniwas Puri 30/12/2009 UBH/138/26.10.09/146/16.10.09/26.10.09 495.00   500 IIT B-360296 30/12/2009 1 495.00 English Books      
Written off   Dewey Decimal Classification     Non-fiction Tri Nagar Tri Nagar 30/12/2009 UBH/138/26.10.09/146/16.10.09/26.10.09 495.00   500 IIT B-360290 30/12/2009 1 495.00 English Books      
    Dewey Decimal Classification     Non-fiction Vigyan Vihar Vigyan Vihar 30/12/2009 UBH/138/26.10.09/146/16.10.09/26.10.09 495.00   500 IIT B-360308 30/12/2009 1 495.00 English Books      
    Dewey Decimal Classification     Non-fiction Vinoba Puri Vinoba Puri 30/12/2009 UBH/138/26.10.09/146/16.10.09/26.10.09 495.00 21 500 IIT B-360297 22/02/2014 1 495.00 English Books 8   08/03/2014
    Dewey Decimal Classification     Non-fiction Yojana Vihar Yojana Vihar 30/12/2009 UBH/138/26.10.09/146/16.10.09/26.10.09 495.00   500 IIT B-360307 30/12/2009 1 495.00 English Books      

© Delhi Public Library
Hit Counter
free hit counter